Elizabeth Aro (Record no. 534)

MARC details
000 -LEADER
campo de control de longitud fija 00470nam a22001457a 4500
008 - DATOS DE LONGITUD FIJA--INFORMACIÓN GENERAL
campo de control de longitud fija 150424b xxu||||| |||| 00| 0 eng d
082 ## - NÚMERO DE LA CLASIFICACIÓN DECIMAL DEWEY
Número de clasificación 708
Número de ítem A 769d
100 ## - ENTRADA PRINCIPAL--NOMBRE DE PERSONA
Nombre de persona Aro, Elizabeth
9 (RLIN) 2458
245 ## - MENCIÓN DEL TÍTULO
Título Elizabeth Aro
Resto del título De la gente y el paisaje
Mención de responsabilidad, etc. Aro, Elizabeth
260 ## - PUBLICACIÓN, DISTRIBUCIÓN, ETC.
Lugar de publicación, distribución, etc. Cádiz
Nombre del editor, distribuidor, etc. Ingrasa, Industrias gráficas S.A
Fecha de publicación, distribución, etc. 2001
300 ## - DESCRIPCIÓN FÍSICA
Extensión 26 p.
Otras características físicas ill.
Dimensiones 23 cm
440 ## - MENCIÓN DE SERIE/PUNTO DE ACCESO ADICIONAL--TÍTULO
Título Las playas 2001
9 (RLIN) 2459
650 ## - PUNTO DE ACCESO ADICIONAL DE MATERIA--TÉRMINO DE MATERIA
Subdivisión general Arte moderno
-- Exhibiciones
-- S. XX
9 (RLIN) 2460
700 ## - ENTRADA AGREGADA--NOMBRE PERSONAL
Nombre de persona Elizabeth Aro
9 (RLIN) 2461
Holdings
Estatus retirado Estado de pérdida Fuente del sistema de clasificación o colocación Estado de daño No para préstamo Biblioteca de origen Biblioteca actual Ubicación en estantería Fecha de adquisición Total de préstamos Signatura topográfica completa Código de barras Visto por última vez Precio de reemplazo Tipo de ítem Koha
    Clasificación Decimal Dewey     Biblioteca LadoV Biblioteca LadoV   24/04/2015   708 A 769d 000581 24/04/2015 24/04/2015 Material 01